| 000 | 02801cam a22005894i 4500 | ||
|---|---|---|---|
| 003 | PE-LiUPU | ||
| 005 | 20250731180102.0 | ||
| 008 | 150617s1983 mx r 000 0 spa d | ||
| 020 | _a9681812050 | ||
| 020 | _a9789681812058 | ||
| 035 | _a(Sirsi) i9789681812058 | ||
| 040 |
_aPE-LiUPU _bspa _cPE-LiUPU _erda |
||
| 049 | _aPRUA | ||
| 082 | 0 | 4 |
_a540 _bB81 _221 |
| 245 | 0 | 0 |
_aQuímica básica : _bPrincipios y estructura / _ceditado por James E. Brady y Gerard E. Humiston. |
| 264 | 1 |
_aMéxico : _bEditorial Limusa, _c1983. |
|
| 300 |
_a1009 páginas ; _c25 centímetros |
||
| 336 |
_atext _2rdacontent |
||
| 337 |
_aunmediated _2rdamedia |
||
| 338 |
_avolume _2rdacarrier |
||
| 505 | 0 | _aEstequiometria: aritmética química -- Estructura atómica y la tabla periódica -- Enlace químico -- Reacciones químicas en solución acuosa -- Gases -- Sólidos -- Líquidos y cambios de estado -- Propiedades de las soluciones -- Termodinámica química -- Cinética química -- Equilibrio químico -- Ácidos y bases -- Equilibrios ácidos-base en solución acuosa -- Solubilidad y equilibrios de iones complejos -- Electrodinámica -- Enlace covalente y estructura molecular -- Química de los elementos representativos: Química de los elementos representativos -- Elementos de transición -- Química orgánica -- Bioquímica -- Química nuclear. | |
| 526 | _aSEG44 | ||
| 526 | _aSEG26 | ||
| 526 | _aP159 | ||
| 526 | _aP155 | ||
| 526 | _aP154 | ||
| 526 | _aP153 | ||
| 526 | _aP150 | ||
| 526 | _aP100 | ||
| 526 | _aP31 | ||
| 526 | _aP30 | ||
| 526 | _aP26 | ||
| 526 | _aP25 | ||
| 526 | _aP24 | ||
| 526 | _aP22 | ||
| 526 | _aP15 | ||
| 526 | _aP10 | ||
| 650 | 0 | 4 | _aQuímica. |
| 700 | 1 |
_aBrady, James E., _eeditor. |
|
| 700 | 1 |
_aHumiston, Gerard E., _eeditor. |
|
| 910 |
_ajck _bjvq _cjck _d20150616 |
||
| 910 |
_bksl _cksl _d20190423 |
||
| 942 |
_2ddc _cBOOK |
||
| 949 |
_a540 B81 _wDEWEY _c1 _i32840 _d2016-11-29 _e2016-11-29 _lCCODEBUL1 _mBUL _n3 _r0 _sY _tBOOK _u2015-4-21 _xEDUCACION _zUNKNOWN _0COMPRA _o.STAFF. Colección General |
||
| 949 |
_a540 B81 _wDEWEY _c2 _i25120 _d2016-5-4 _e2016-5-4 _lCCODEBUL1 _mBUL _n1 _r0 _sY _tBOOK _u2015-4-21 _xEDUCACION _zUNKNOWN _0COMPRA _o.STAFF. Colección General |
||
| 994 |
_aC0 _bPEPRU |
||
| 596 | _a1 | ||
| 999 |
_a540 B81 _wDEWEY _c17382 _i32840 _d17382 _e2019-3-20 _f2019-12-11 _g4 _lCCODEBUL1 _mBUL _n5 _p54.00 _q2 _r0 _sY _tBOOK _u2015-4-21 _xEDUCACION _zUNKNOWN _0COMPRA _o.STAFF. Colección Ciencias Humanas y Educación |
||
| 999 |
_a540 B81 _wDEWEY _c2 _i25120 _d2022-7-7 _e2018-8-22 _f2022-4-12 _g6 _lCCODEBUL1 _mBUL _n2 _p54.00 _q2 _r0 _sY _tBOOK _u2015-4-21 _xEDUCACION _zUNKNOWN _0COMPRA _o.STAFF. Colección Ciencias Humanas y Educación |
||
| 980 |
_81 _gALBERTO SANCHEZ Responsable de Automatización |
||